|
|
|
|
| LEADER |
01014nam a2200241 u 4500 |
| 001 |
10034169 |
| 003 |
GR-PaULI |
| 005 |
20210525192847.0 |
| 008 |
950915s1972 fr fre |
| 040 |
|
|
|a GR-PaULI
|c GR-PaULI
|b gre
|e AACR2
|
| 082 |
0 |
4 |
|a 512.55
|2 23
|
| 100 |
1 |
|
|9 169950
|a Lentin, André
|e συγγραφέας.
|
| 245 |
1 |
0 |
|a Équations dans les monoïdes libres /
|b
|c Lentin André.
|
| 260 |
|
|
|a [La Haye] :
|b Mouton,
|c 1972.
|
| 300 |
|
|
|a 160 σ. ;
|b
|c 23 εκ.
|
| 490 |
1 |
|
|a Mathématiques et sciences de l'homme
|
| 504 |
|
|
|6 Περιλαμβάνει βιβλιογραφία.
|
| 650 |
|
4 |
|a Ομολογιακή άλγεβρα
|9 60161
|
| 830 |
|
|
|9 169952
|a Mathématiques et sciences de l'homme
|v 16.
|
| 942 |
|
|
|2 ddc
|c BK15
|
| 952 |
|
|
|0 0
|1 0
|2 ddc
|4 0
|6 512_550000000000000_LEN
|7 0
|9 224016
|a LISP
|b LISP
|c BSC
|d 2018-07-06
|e Βιβλιοθήκη Μαθηματικού
|i 123973
|l 0
|o 512.55 LEN
|p 025000039359
|r 2018-07-06 00:00:00
|t 1
|v 2018.00
|w 2018-07-06
|y BK15
|
| 998 |
|
|
|c ΜΠΟΥΡΑΣ
|d 2018-06
|
| 999 |
|
|
|c 135346
|d 135346
|